000 01146pam a2200313 a 4500
001 3331573
003 OSt
005 20231031123046.0
008 850228s1985 nyua b 001 0 eng
010 _a 85005356
020 _a0471879576
040 _aDLC
_cDLC
_dDLC
050 0 0 _aQA278.2
_b.W44 1985
082 0 0 _a519 WEI 1985
_219
100 1 _aWeisberg, Sanford,
_915925
245 1 0 _aApplied Linear Regression
250 _a2nd ed.
260 _aNew York :
_bWiley,
_cc1985.
300 _axiv, 324 p. :
_bill. ;
_c24 cm.
440 0 _aWiley series in probability and mathematical statistics.
_pApplied probability and statistics,
_x0271-6356
_915926
500 _aIncludes indexes.
504 _aBibliography: p. 307-316.
650 0 _aLinear analysis.
_92559
856 4 2 _3Contributor biographical information
_uhttp://www.loc.gov/catdir/bios/wiley042/85005356.html
856 4 2 _3Publisher description
_uhttp://www.loc.gov/catdir/description/wiley033/85005356.html
856 4 _3Table of Contents
_uhttp://www.loc.gov/catdir/toc/onix04/85005356.html
906 _a7
_bcbc
_corignew
_d1
_eocip
_f19
_gy-gencatlg
942 _2ddc
_cO_SHELF
999 _c7824
_d7824